Statistiken für Länder Europas im Jahre 1812 (Mit Karte!)

Klicken Sie hier um das Quiz zu spielen!

Allgemein

  • Dieses Quiz wurde 914 mal gespielt
  • Das Durchschnittsergebnis liegt bei 12 aus 13

Antworten auf der Karte

Die Antworten werden auf der Karte rot bzw. grün angezeigt, abhängig davon wie oft sie richtig erraten wurden.
 

Antwortstatistiken

Antwort% Korrekt
Dänemark–Norwegen
99%
Schweden
99%
Osmanisches Reich
98%
Portugal
98%
Russland
98%
Vereinigtes Königreich
98%
Frankreich
92%
Österreich
92%
Preußen
91%
Sizilien
86%
Sardinien
83%
Danzig
80%
Montenegro
80%

Verteilung der Resultate

Perzentil nach korrekt beantworteten Fragen

Anzahl Personen mit jedem Resultat

Ihre Resultats-Entwicklung

Sie haben dieses Quiz noch nicht gespielt